000
00299nam a22001457a 4500
008
221014b ||||| |||| 00| 0 eng d
020
_a
0600348539
041
_a
eng
080
_a
7
082
_a
7 DUE
100
_a
21.2
101
_a
ART
245
_a
AFRICAN ART
_c
DUERDEN D
942
_2
udc
_c
BK
999
_c
58568
_d
58568